EJECUTIVOS EMPRESARIOS Y DIRIGENTES (Registro nro. 20744)
[ vista simple ]
| 000 -LEADER | |
|---|---|
| fixed length control field | 00510nam a2200181 a 4500 |
| 001 - CONTROL NUMBER | |
| control field | 20744 |
| 005 - DATE AND TIME OF LATEST TRANSACTION | |
| control field | 20180713214400.0 |
| 008 - FIXED-LENGTH DATA ELEMENTS--GENERAL INFORMATION | |
| fixed length control field | 140415s1973 ag 000 0 spa d |
| 041 ## - LANGUAGE CODE | |
| Language code of text/sound track or separate title | spa |
| 082 ## - DEWEY DECIMAL CLASSIFICATION NUMBER | |
| Classification number | 658.4 |
| Item number | EJE |
| 245 00 - TITLE STATEMENT | |
| Title | EJECUTIVOS EMPRESARIOS Y DIRIGENTES |
| 250 ## - EDITION STATEMENT | |
| Edition statement | 1a ed. |
| 260 ## - PUBLICATION, DISTRIBUTION, ETC. | |
| Place of publication, distribution, etc. | ARGENTINA : |
| Name of publisher, distributor, etc. | EDICIONES ECONOMIA Y EMPRESA, |
| Date of publication, distribution, etc. | 1973 |
| 300 ## - PHYSICAL DESCRIPTION | |
| Extent | 303 |
| 490 ## - SERIES STATEMENT | |
| Series statement | LA EMPRESA |
| Volume/sequential designation | 129 |
| 500 ## - GENERAL NOTE | |
| General note | (COLEC. LA EMPRESA; 129) |
| 650 14 - SUBJECT ADDED ENTRY--TOPICAL TERM | |
| Topical term or geographic name entry element | ADMINISTRACION INDUSTRIAL |
| General subdivision | EJECUTIVOS |
| Withdrawn status | Lost status | Source of classification or shelving scheme | Damaged status | Not for loan | Collection code | Home library | Current library | Shelving location | Date acquired | Source of acquisition | Inventory number | Total Checkouts | Full call number | Barcode | Date last seen | Price effective from | Koha item type |
|---|---|---|---|---|---|---|---|---|---|---|---|---|---|---|---|---|---|
| Dewey Decimal Classification | General | Biblioteca Karol Wojtyla | Biblioteca Karol Wojtyla | Sala general | 03/12/2013 | Compra | 151000000000000000021392 | 658.4 EJE | 4916 | 05/01/2026 | 03/12/2013 | Libro | |||||
| Dewey Decimal Classification | General | Biblioteca Karol Wojtyla | Biblioteca Karol Wojtyla | Sala general | 03/12/2013 | Compra | 151000000000000000021393 | 658.4 EJE | 40713 | 05/01/2026 | 03/12/2013 | Libro |